00668nam a2200145Ia 4500008004100000050002400041100002800065245016800093260008600261300002000347521002200367942000700389999001900396952010700415140724s9999 xx 000 0 und d aLC 4031b.M385 2008 aMartinez, Trisha Ann Q. 2aA case study on the preparedness of Special Education Graduates of Southville International School and Colleges, Academic Year 2008-2009 /cTrisha Ann Q. Martinez. aLas Piñas, Philippines :bSouthville International School and Colleges,cc2008. a66 p. :c28 cm. aSpecial Education cTH c229185d229185 001040aCLbCLcTHESESd2014-07-24l0oLC 4031 .M385 2008pT0539r2018-05-15 00:00:00w2014-07-24yTH